000 01157nam a22002777a 4500
005 20121204155636.0
008 090408t xxu||||| |||| 00| 0 hin d
010 _aHIN-97565
020 _c150.00
_a8190316480
035 _aHN-69911
037 _bDBAD / PUB
040 _aDPL
_bHN
082 _a821
100 _927482
245 _aतीली भर रोशनी /
_cप्रयाग शुक्ल द्वारा संपादित
260 _bनीरज प्रकाशन
_c2011
_aबीकानेर (राज.)
270 _aमूंधड़ों का चौक, पिंजरे के पास
_bबीकानेर (राज.)
_e334005
300 1 _a86पृ.
_c22सेमी (सजिल्द)
650 _91169
_aहिन्दी कविताएँ
650 _954059
_aHindi Poetry
700 _927483
_aशुक्ल,प्रयाग
710 _952094
711 _952444
942 _adpl
_cHN
_2ddc
_mतीलीभ
_h821
999 _c71851
_d71851